|
|
|
|
| LEADER |
00620cam a2200145 a 4500 |
| 020 |
|
|
|a 8178241722
|
| 082 |
|
|
|a 809.892 009 54
|b BLA/I
|
| 100 |
|
|
|a Blackburn,Stuart(Editor)
|a Dalmia,Vasudha(Editor)
|
| 245 |
0 |
0 |
|a India's literary history :
|b essays on the Nineteenth century /
|
| 260 |
|
|
|a Delhi :
|b Permanent Black ;
|a Bangalore :
|b Distributed by Orient Longman,
|c 2004.
|
| 300 |
|
|
|a xi, 515 p. ;
|
| 650 |
|
0 |
|a Indic literature
|
| 942 |
|
|
|c BK
|
| 999 |
|
|
|c 100185
|d 100185
|
| 952 |
|
|
|0 0
|1 0
|4 0
|6 809_892000000000000_009_54_BLA_I
|7 0
|9 93505
|a SSS
|b SSS
|c LIT
|d 2012-03-29
|g 395.00
|l 1
|o 809.892 009 54 BLA/I
|p SSS05037
|r 2013-04-22
|s 2013-04-19
|w 2012-03-29
|y BK
|